000 00421cam a2200181ua 4500
020 _c.50
041 _ahin
_h
082 _a891.54
_bGAN/GE
100 _aGandhiji, .
245 _aGeetabod /
_cGandhiji.
_hTextual Documents
250 _a1 /
_b.
260 _aAhamadabad :
_bNavjeevan prakashan mandir ,
_c1960.
300 _a70 ; .
365 _a.50
504 _a
942 _cBK
999 _c12034
_d12034